Environmental sanitation, wastewater treatment and disposal (Record no. 496)

000 -LEADER
fixed length control field 00680nam a22002417a 4500
001 - CONTROL NUMBER
control field 496
003 - CONTROL NUMBER IDENTIFIER
control field BD-DhUET
008 - FIXED-LENGTH DATA ELEMENTS--GENERAL INFORMATION
fixed length control field 140722b xxu||||| |||| 00| 0 eng d
020 ## - INTERNATIONAL STANDARD BOOK NUMBER
International Standard Book Number 9789848920169
040 ## - CATALOGING SOURCE
Transcribing agency 0
Modifying agency BD-DhUET
082 ## - DEWEY DECIMAL CLASSIFICATION NUMBER
Classification number 628
Item number TAN / 2013
100 ## - MAIN ENTRY--PERSONAL NAME
Personal name Tanveer Ferdous Saeed
245 ## - TITLE STATEMENT
Title Environmental sanitation, wastewater treatment and disposal
250 ## - EDITION STATEMENT
Edition statement 1st ed.
260 ## - PUBLICATION, DISTRIBUTION, ETC. (IMPRINT)
Place of publication, distribution, etc. Dhaka
Name of publisher, distributor, etc. University Grants Commission of Bangladesh
Date of publication, distribution, etc. 2013
300 ## - PHYSICAL DESCRIPTION
Extent xvi, 343p. :
504 ## - BIBLIOGRAPHY, ETC. NOTE
Bibliography, etc Includes bibliographies
650 #0 - SUBJECT ADDED ENTRY--TOPICAL TERM
Topical term or geographic name as entry element Environmental engineering
650 #0 - SUBJECT ADDED ENTRY--TOPICAL TERM
Topical term or geographic name as entry element Sanitation engineering
700 ## - ADDED ENTRY--PERSONAL NAME
Personal name Abdullah Al-Muyeed
700 ## - ADDED ENTRY--PERSONAL NAME
Personal name Tanvir Ahmed
942 ## - ADDED ENTRY ELEMENTS (KOHA)
Koha item type General Book
Holdings
Koha full call number Damaged status Date acquired Shelving location Koha date last seen Not for loan Koha normalized classification for sorting Koha date last borrowed Sublocation or collection (holding branch) Koha item type Source of classification or shelving scheme Lost status Price effective from Copy number Location (home branch) Koha issues (times borrowed) Piece designation (barcode) Withdrawn status
628/TAN/2013 2014-07-22Circulation section2014-07-22 628TAN2013 Central Library, BUETGeneral Book  2014-07-221Central Library, BUET 112448 
628/TAN/2013 2014-07-22Circulation section2016-11-16 628TAN2013 Central Library, BUETGeneral Book  2014-07-222Central Library, BUET 112449 
628/TAN/2013 2014-07-22Circulation section2014-07-22 628TAN2013 Central Library, BUETGeneral Book  2014-07-223Central Library, BUET 112450 
628/TAN/2013 2014-07-22Circulation section2014-07-22 628TAN2013 Central Library, BUETGeneral Book  2014-07-224Central Library, BUET 112451 
628/TAN/2013 2014-07-22Circulation section2014-07-22 628TAN2013 Central Library, BUETGeneral Book  2014-07-225Central Library, BUET 112452 
628/TAN/2013 2014-07-22Circulation section2016-10-18 628TAN2013 Central Library, BUETGeneral Book  2014-07-226Central Library, BUET 112453 
628/TAN/2013 2014-07-22Circulation section2016-01-18 628TAN2013 Central Library, BUETGeneral Book  2014-07-227Central Library, BUET 112454 
628/TAN/2013 2014-07-22Circulation section2020-02-23 628TAN20132020-02-18Central Library, BUETGeneral Book  2014-07-228Central Library, BUET1112455 
628/TAN/2013 2014-07-22Circulation section2014-07-22 628TAN2013 Central Library, BUETGeneral Book  2014-07-229Central Library, BUET 112456 
628/TAN/2013 2014-07-22Circulation section2016-12-03 628TAN2013 Central Library, BUETGeneral Book  2014-07-2210Central Library, BUET 112457